Footballers by Olympic Gold - Statistics

General Stats
  • This quiz has been taken 25 times
  • The average score is 2 of 11
Answers on the Grid
Answers color-coded by a green-red scale on the quiz's grid according to % correct below.
Sergio Agüero
Ronaldinho
Kylian Mbappé
Héctor Herrera
Jay-Jay Okocha
Kaká
Andrés Iniesta
Wayne Rooney
Carlos Vela
Cesc Fàbregas
Gerard Piqué
Cristiano Ronaldo
Jadon Sancho
Rodrygo
Sergio Ramos
Yaya Touré
Marquinhos
Luis Suárez
Neymar Jr
Thierry Henry
Mesut Özil
Ángel Correa
Vinícius Jr
Richarlison
Edinson Cavani
Sunday Oliseh
Lionel Messi
Ronaldo Nazário
Marcus Rashford
Samuel Eto'o
Kanu Nwankwo
David Beckham
Phil Foden
Paul Pogba
Raheem Sterling
Roberto Ayala
Alvaro Morata
Gerard Deulofeu
Malcom
Alexis Sánchez
 
Answer Stats
Answer % Correct
Sergio Agüero
83%
Jay-Jay Okocha
22%
Héctor Herrera
11%
Lionel Messi
11%
Carlos Vela
6%
Kanu Nwankwo
6%
Malcom
6%
Marquinhos
6%
Richarlison
6%
Roberto Ayala
6%
Sunday Oliseh
0%
No matching quizzes found
Score Distribution
Percent of People with Each Score
Percentile by Number Answered
Your Score History
You have not taken this quiz